FC 25 TOTW 17 - Statistics

General Stats
  • This quiz has been taken 5 times
  • The average score is 9 of 23
Answer Stats
rat pos club player % Correct
TOTW 88 ST Sporting CP Viktor Gyökeres
100%
TOTW 86 LW Newcastle Anthony Gordon
67%
TOTW 84 LW Madrid Femenino Linda Caicedo
67%
TOTW 86 CB Manchester United Lisandro Martínez
67%
TOTW 87 CM AS Roma Lorenzo Pellegrini
67%
TOTW 87 LB Bournemouth Milos Kerkez
67%
TOTW 84 CDM Aston Villa Ross Barkley
67%
TOTW 84 CM Napoli Scott McTominay
67%
TOTW 83 LM Başakşehir Davidson
33%
TOTW 83 ST Strasbourg Emanuel Emegha
33%
TOTW 83 RM OGC Nice Evann Guessand
33%
TOTW 89 ST Barça Femení Ewa Pajor
33%
TOTW 83 LM Rangers Ianis Hagi
33%
TOTW 83 GK Hellas Verona Lorenzo Montipò
33%
TOTW 83 ST Saint-Étienne Lucas Stassin
33%
TOTW 83 CB Braga Robson Bambu
33%
TOTW 84 CM Marseille Valentín Rongier
33%
TOTW 83 CAM Norwich City Amankwah Forson
0%
TOTW 83 CDM Western United Angus Thurgate
0%
TOTW 83 CAM Sunderland Eliezer Mayenda
0%
TOTW 83 RB Birmingham City Ethan Laird
0%
TOTW 83 ST Walsall Ethan Weir
0%
TOTW 83 CB FC Martigues Nathanaël Saintini
0%
No matching quizzes found
Score Distribution
Percent of People with Each Score
Percentile by Number Answered
Your Score History
You have not taken this quiz